| 000 | 02194nam a22003737a 4500 | ||
|---|---|---|---|
| 001 | 100113 | ||
| 003 | KnowledgeUnlatched | ||
| 005 | 20210303105308.0 | ||
| 006 | m o d | ||
| 007 | cr u|||||||||| | ||
| 008 | 210129p20172018nyu o u00| u eng d | ||
| 035 | _a(OCoLC)972640360 | ||
| 037 | _5BiblioBoard | ||
| 245 | 0 | 0 |
_aDriving Modernity _bTechnology, Experts, Politics, and Fascist Motorways, 1922-1943 / _cMassimo Moraglio. |
| 020 | _a9781785334726 | ||
| 029 | 1 | _ahttps://library.biblioboard.com/ext/api/media/f1886438-f821-4e1c-afae-2c2a2093906b/assets/thumbnail.jpg | |
| 040 |
_aScCtBLL _cScCtBLL |
||
| 100 | 1 |
_aMoraglio, Massimo _eauthor. |
|
| 264 | 1 | _bBerghahn Books, | |
| 300 | _a1 online resource (209 p.) | ||
| 506 | 0 |
_aAccess copy available to the general public. _fUnrestricted _2star |
|
| 520 | _aOn March 26th, 1923, in a formal ceremony, construction of the Milan-Alpine Lakes autostrada officially began, the preliminary step toward what would become the first European motorway. That Benito Mussolini himself participated in the festivities indicates just how important the project was to Italian Fascism. This book recounts the twisting fortunes of the autostrada, which-alongside railways, aviation, and other forms of mobility-Italian authorities hoped would spread an ideology of technological nationalism. It explains how Italy ultimately failed to realize its mammoth infrastructural vision, addressing the political and social conditions that made a coherent plan of development impossible. | ||
| 588 | 0 | _aDescription based on print version record. | |
| 590 | _aKU Select 2016 Front List Collection | ||
| 650 | 7 |
_aHistory / Europe / Italy _2bisacsh |
|
| 650 | 7 |
_aHistory _2bisacsh |
|
| 650 | 0 | _aHistory | |
| 655 | 0 | _aElectronic books. | |
| 758 |
_iIs found in: _aKnowledge Unlatched _1https://openresearchlibrary.org/module/2774bc74-146a-484f-a7ba-ab1d6a09bbfb |
||
| 856 | 4 | 0 |
_uhttps://openresearchlibrary.org/content/f1886438-f821-4e1c-afae-2c2a2093906b _zView this content on Open Research Library. _70 |
| 999 |
_c34097 _d34097 |
||